000 00520cam a2200205ua 4500
001 2567
005 20260515113526.0
008 120209n ii |||gr||||Z||||||asm
040 _cMAIN
082 _a414.8
100 _aGoswami, Gulok Chandra,
_eAuthor.
245 1 1 _aDhavanibigyanar bhumika
_cby Goluk Chandra Goswami
250 _a2nd.
260 _aGuahati:
_bBani prakash,977.
300 _a160p:
_c23cm.
653 _aAssamese language
653 _alanguage
653 _aDhavanibigyanar bhumika
942 _cBK
999 _c2418
_d2418